|
|
|
|
| LEADER |
00000nam0a2200000 4500 |
| 001 |
41495 |
| 005 |
20231031014246.0 |
| 035 |
|
|
|a (RuTPU)RU\TPU\book\42606
|
| 090 |
|
|
|a 41495
|
| 100 |
|
|
|a 20020621d1983 km y0rusy50 ca
|
| 101 |
0 |
|
|a rus
|
| 102 |
|
|
|a RU
|
| 105 |
|
|
|a a g 000zy
|
| 200 |
1 |
|
|a Полупроводниковые приборы. Диоды, тиристоры, оптоэлектронные приборы
|e справочник
|f под ред. Н. Н. Горюнова
|
| 210 |
|
|
|a Москва
|c Энергоатомиздат
|d 1983
|
| 215 |
|
|
|a 744 с.
|c ил.
|
| 451 |
|
1 |
|0 (RuTPU)RU\TPU\book\35452
|t Полупроводниковые приборы: Диоды, тиристоры, оптоэлектронные приборы
|o Справочник
|f Под ред. Н.Н.Горюнова
|c М.
|n Энергоатомиздат
|d 1984
|p 743 с.
|
| 451 |
|
1 |
|0 (RuTPU)RU\TPU\book\35451
|t Полупроводниковые приборы: диоды, тиристоры, оптоэлектронные приборы
|o справочник
|f Под ред. Н. Н. Горюнова
|c М.
|n Энергоиздат
|d 1982
|p 743 с.
|
| 610 |
1 |
|
|a электроника
|
| 610 |
1 |
|
|a полупроводниковая электроника
|
| 610 |
1 |
|
|a полупроводниковые диоды
|
| 610 |
1 |
|
|a полупроводниковые приборы
|
| 610 |
1 |
|
|a тиристоры
|
| 610 |
1 |
|
|a оптоэлектронные приборы
|
| 610 |
1 |
|
|a варикапы
|
| 610 |
1 |
|
|a диоды туннельные
|
| 610 |
1 |
|
|a диоды сверхвысокочастотные
|
| 610 |
1 |
|
|a стабилитроны
|
| 610 |
1 |
|
|a стабисторы
|
| 610 |
1 |
|
|a тиристоры
|
| 610 |
1 |
|
|a светодиоды
|
| 610 |
1 |
|
|a оптопары
|
| 610 |
1 |
|
|a справочники
|
| 610 |
1 |
|
|a классификация
|
| 675 |
|
|
|a 621.382.2(035)
|v 3
|
| 702 |
|
1 |
|a Горюнов
|b Н. Н.
|4 340
|
| 801 |
|
1 |
|a RU
|b 63413507
|c 20020621
|g PSBO
|
| 801 |
|
2 |
|a RU
|b 63413507
|c 20100610
|g PSBO
|
| 900 |
|
|
|a Твердотельная электроника
|
| 942 |
|
|
|c BK
|